| 000 | 00574nam a2200205Ia 4500 | ||
|---|---|---|---|
| 003 | GCL | ||
| 008 | 140319s9999 xx 000 0 eng d | ||
| 040 |
_aGCL / _cGCL |
||
| 082 | 0 | 4 |
_a363.70025 _bO S |
| 100 | 1 | _aOAKES, BAILE | |
| 245 | 1 | 0 |
_aSCULPTING WITH THE ENVIRONMENT: A NATURAL DIALOGUE / _cOAKES, BAILE |
| 260 |
_a[S.N] : _bVAN NOSTRAND REINHOLD ، _c1995 |
||
| 300 | _a251 P | ||
| 650 | 0 | 4 | _aENVIRONMENTAL POLICY |
| 650 | 0 | 4 | _aEARTH WORKS, ART |
| 650 | 0 | 4 | _aSOCIAL ECOLOGY |
| 650 | 0 | 4 | _aENVIRONMENTAL, ART |
| 650 | 0 | 4 | _aASTRONOMY PREHISTORIC |
| 942 |
_2ddc _cBK |
||
| 999 |
_c13663 _d13663 |
||